Nicaragua: desarrollo e industria en la transición
Сохранить в:
| Главный автор: | |
|---|---|
| Формат: | |
| Язык: | Spanish |
| Опубликовано: |
San José Costa Rica
CSUCA
1990
|
| Предметы: | |
| Метки: |
Добавить метку
Нет меток, Требуется 1-ая метка записи!
|
MARC
| LEADER | 00000nam a22000007a 4500 | ||
|---|---|---|---|
| 003 | cru CIDCACS/IIS | ||
| 005 | 20181205170313.0 | ||
| 008 | 181205b1990 CR ||||| |||| 00| 0 spa d | ||
| 999 | |c 41965 |d 41965 | ||
| 040 | |c cru CIDCACS/IIS | ||
| 090 | |a 03.02.02 R442e | ||
| 100 | 1 | |9 8087 |a Dumas, Isabel | |
| 245 | |a Nicaragua: |b desarrollo e industria en la transición |c Isabel Dumas | ||
| 260 | |a San José Costa Rica |b CSUCA |c 1990 | ||
| 300 | |a páginas 187-225 | ||
| 650 | 0 | |9 2142 |a DESARROLLO ECONOMICO | |
| 650 | 4 | |9 3244 |a LUCHA DE CLASES | |
| 650 | 0 | |9 2383 |a AGROINDUSTRIA | |
| 942 | |2 ddc |c LI | ||
